Stany USA o najwyższym wskaźniku bezdomności - Statystyki

Ogólne statystyki
  • Ten quiz został rozwiązany 11 razy
  • Średni wynik to 5 z 10
Statystyki odpowiedzi
Wskaźnik Zmiana Stan % Poprawnych
317 +66% Kalifornia
89%
68.5 –52% Floryda
78%
179 +147% Waszyngton
78%
102 +116% Arizona
67%
142 +19% Nevada
67%
75.7 +269% Nowy Meksyk
44%
307 +63% Oregon
33%
63.8 +129% Alaska
11%
272 +47% Hawaje
11%
80.7 +97% Kolorado
0%
Nie znaleziono quizów pasujących do podanych kryteriów
Rozkład punktacji
Procent ludzi z każdym wynikiem
Percentyl według liczby udzielonych odpowiedzi
Twoja historia wyników
Nie rozwiązałeś tego quizu